[Event "DEM U10w 2024"]
[Site "Willingen GER"]
[Date "2024.05.19"]
[Round "2"]
[White "Mandziuk, Varvara"]
[Black "Tu, Tiffany"]
[Result "0-1"]
[Termination "normal"]
[Board "2"]
[WhiteElo "1146"]
[BlackElo "1618"]
[WhiteClock "01:17:24"]
[BlackClock "01:04:40"]
[PlyCount "60"]
[WhiteFideId "34638016"]
[BlackFideId "34628576"]
[EventCountry "GER"]
[EventRounds "11"]
[EventType "swiss"]
[EventDate "2024.05.18"]

1. e4 {[%clk 01:15:59]} {[%emt 03:16:32]} e5 {[%clk 01:15:55]} {[%emt
00:00:06]} 2. Nf3 {[%clk 01:16:23]} {[%emt 00:00:06]} Nc6 {[%clk 01:16:19]}
{[%emt 00:00:06]} 3. Bc4 {[%clk 01:16:46]} {[%emt 00:00:07]} Nf6 {[%clk
01:16:43]} {[%emt 00:00:06]} 4. Nc3 {[%clk 01:17:01]} {[%emt 00:00:15]} Nxe4
{[%clk 01:16:54]} {[%emt 00:00:18]} 5. Nxe4 {[%clk 01:17:20]} {[%emt 00:00:11]}
d5 {[%clk 01:17:17]} {[%emt 00:00:07]} 6. Bd3 {[%clk 01:17:42]} {[%emt
00:00:09]} dxe4 {[%clk 01:17:40]} {[%emt 00:00:07]} 7. Bxe4 {[%clk 01:18:04]}
{[%emt 00:00:08]} Bd6 {[%clk 01:18:06]} {[%emt 00:00:04]} 8. d4 {[%clk
01:17:41]} {[%emt 00:00:53]} Nxd4 {[%clk 01:09:48]} {[%emt 00:08:47]} 9. Nxd4
{[%clk 01:18:00]} {[%emt 00:00:11]} exd4 {[%clk 01:09:36]} {[%emt 00:00:42]}
10. Qxd4 {[%clk 01:18:22]} {[%emt 00:00:09]} O-O {[%clk 01:09:49]} {[%emt
00:00:17]} 11. O-O {[%clk 01:18:35]} {[%emt 00:00:17]} Bxh2+ {[%clk 01:10:00]}
{[%emt 00:00:18]} 12. Kxh2 {[%clk 01:18:21]} {[%emt 00:00:44]} Qxd4 {[%clk
01:10:17]} {[%emt 00:00:14]} 13. f3 {[%clk 01:18:32]} {[%emt 00:00:20]} Qd6+
{[%clk 01:10:02]} {[%emt 00:00:43]} 14. Kg1 {[%clk 01:18:41]} {[%emt 00:00:21]}
Be6 {[%clk 01:09:33]} {[%emt 00:00:59]} 15. Be3 {[%clk 01:18:32]} {[%emt
00:00:40]} c6 {[%clk 01:08:39]} {[%emt 00:01:23]} 16. Rfd1 {[%clk 01:18:37]}
{[%emt 00:00:25]} Qb4 {[%clk 01:08:16]} {[%emt 00:00:53]} 17. b3 {[%clk
01:18:44]} {[%emt 00:00:25]} Rfd8 {[%clk 01:08:03]} {[%emt 00:00:40]} 18. Kf2
{[%clk 01:18:12]} {[%emt 00:01:04]} f5 {[%clk 01:06:51]} {[%emt 00:01:42]} 19.
Bd3 {[%clk 01:18:27]} {[%emt 00:00:15]} Qh4+ {[%clk 01:06:00]} {[%emt
00:01:21]} 20. Ke2 {[%clk 01:18:04]} {[%emt 00:00:52]} f4 {[%clk 01:04:32]}
{[%emt 00:01:58]} 21. Rh1 {[%clk 01:17:23]} {[%emt 00:01:09]} Qg5 {[%clk
01:03:15]} {[%emt 00:01:49]} 22. Bxh7+ {[%clk 01:17:37]} {[%emt 00:00:16]} Kf7
{[%clk 01:02:36]} {[%emt 00:01:08]} 23. Bd2 {[%clk 01:15:57]} {[%emt 00:02:12]}
Qxg2+ {[%clk 01:02:50]} {[%emt 00:00:16]} 24. Ke1 {[%clk 01:15:40]} {[%emt
00:00:46]} Qxd2+ {[%clk 01:03:01]} {[%emt 00:00:20]} 25. Kf1 {[%clk 01:16:02]}
{[%emt 00:00:07]} Qc3 {[%clk 01:03:07]} {[%emt 00:00:24]} 26. Re1 {[%clk
01:16:20]} {[%emt 00:00:13]} Qxf3+ {[%clk 01:03:29]} {[%emt 00:00:08]} 27. Kg1
{[%clk 01:16:36]} {[%emt 00:00:14]} Qg3+ {[%clk 01:03:46]} {[%emt 00:00:12]}
28. Kf1 {[%clk 01:16:54]} {[%emt 00:00:12]} Bh3+ {[%clk 01:04:05]} {[%emt
00:00:11]} 29. Rxh3 {[%clk 01:17:02]} {[%emt 00:00:22]} Qxh3+ {[%clk 01:04:30]}
{[%emt 00:00:06]} 30. Kg1 {[%clk 01:17:24]} {[%emt 00:00:08]} f3 {[%clk
01:04:40]} {[%emt 00:00:20]} 0-1

[Event "DEM U10w 2024"]
[Site "Willingen GER"]
[Date "2024.05.19"]
[Round "2"]
[White "Chen, Yuefan"]
[Black "Hleizer, Ahata"]
[Result "1-0"]
[Termination "normal"]
[Board "3"]
[WhiteElo "1682"]
[BlackElo "1610"]
[WhiteClock "00:45:21"]
[BlackClock "00:45:15"]
[PlyCount "61"]
[WhiteFideId "34653910"]
[BlackFideId "34643370"]
[EventCountry "GER"]
[EventRounds "11"]
[EventType "swiss"]
[EventDate "2024.05.18"]

1. d4 {[%clk 01:15:58]} {[%emt 00:00:01]} Nf6 {[%clk 01:15:52]} {[%emt
00:00:08]} 2. c4 {[%clk 01:16:23]} {[%emt 00:00:06]} g6 {[%clk 01:16:09]}
{[%emt 00:00:11]} 3. Nc3 {[%clk 01:16:50]} {[%emt 00:00:05]} Bg7 {[%clk
01:16:16]} {[%emt 00:00:22]} 4. e4 {[%clk 01:16:51]} {[%emt 00:00:29]} d6
{[%clk 01:16:27]} {[%emt 00:00:19]} 5. Be3 {[%clk 01:16:49]} {[%emt 00:00:32]}
O-O {[%clk 01:16:27]} {[%emt 00:00:30]} 6. Be2 {[%clk 01:16:20]} {[%emt
00:00:59]} Re8 {[%clk 01:14:56]} {[%emt 00:02:00]} 7. Nf3 {[%clk 01:16:04]}
{[%emt 00:00:46]} e5 {[%clk 01:13:18]} {[%emt 00:02:08]} 8. d5 {[%emt
00:04:23]} Na6 {[%clk 01:09:54]} {[%emt 00:00:03]} 9. a3 {[%emt 00:01:10]} c5
{[%emt 00:02:40]} 10. O-O {[%clk 01:13:51]} {[%emt 00:00:27]} Ng4 {[%clk
01:07:26]} {[%emt 00:02:22]} 11. Bd2 {[%clk 01:13:07]} {[%emt 00:01:14]} f5
{[%clk 01:06:20]} {[%emt 00:01:36]} 12. Ng5 {[%clk 01:03:36]} {[%emt 00:10:02]}
Nc7 {[%clk 01:02:18]} {[%emt 00:04:32]} 13. exf5 {[%clk 00:55:49]} {[%emt
00:08:17]} gxf5 {[%clk 01:02:24]} {[%emt 00:00:24]} 14. Bxg4 {[%clk 00:54:53]}
{[%emt 00:01:26]} fxg4 {[%clk 01:02:35]} {[%emt 00:00:18]} 15. Qc2 {[%clk
00:55:03]} {[%emt 00:00:21]} h6 {[%clk 01:01:25]} {[%emt 00:01:40]} 16. Qh7+
{[%clk 00:55:00]} {[%emt 00:00:33]} Kf8 {[%clk 01:01:15]} {[%emt 00:00:39]} 17.
Nge4 {[%clk 00:54:58]} {[%emt 00:00:33]} Qh4 {[%clk 00:58:58]} {[%emt
00:02:46]} 18. Nxd6 {[%clk 00:53:40]} {[%emt 00:01:49]} Rd8 {[%clk 00:57:42]}
{[%emt 00:01:45]} 19. Nf5 {[%clk 00:51:25]} {[%emt 00:02:46]} Bxf5 {[%clk
00:57:21]} {[%emt 00:00:50]} 20. Qxf5+ {[%clk 00:51:30]} {[%emt 00:00:26]} Ke7
{[%clk 00:56:51]} {[%emt 00:00:59]} 21. Ne4 {[%clk 00:50:45]} {[%emt 00:01:15]}
Na6 {[%clk 00:52:20]} {[%emt 00:05:02]} 22. g3 {[%clk 00:49:09]} {[%emt
00:02:07]} Qh3 {[%clk 00:50:48]} {[%emt 00:02:00]} 23. f3 {[%clk 00:48:14]}
{[%emt 00:01:26]} Rf8 {[%clk 00:50:09]} {[%emt 00:01:08]} 24. Qg6 {[%clk
00:46:11]} {[%emt 00:02:34]} gxf3 {[%clk 00:49:12]} {[%emt 00:01:24]} 25. Qxg7+
{[%clk 00:46:08]} {[%emt 00:00:35]} Rf7 {[%clk 00:49:13]} {[%emt 00:00:28]} 26.
Qxe5+ {[%clk 00:45:50]} {[%emt 00:00:49]} Kf8 {[%clk 00:48:35]} {[%emt
00:01:09]} 27. Rf2 {[%clk 00:45:48]} {[%emt 00:00:31]} Re8 {[%clk 00:46:12]}
{[%emt 00:02:53]} 28. Qd6+ {[%clk 00:44:47]} {[%emt 00:01:33]} Kg8 {[%clk
00:45:46]} {[%emt 00:00:52]} 29. Qg6+ {[%clk 00:44:39]} {[%emt 00:00:41]} Rg7
{[%clk 00:45:30]} {[%emt 00:00:44]} 30. Qxe8+ {[%clk 00:44:57]} {[%emt
00:00:14]} Kh7 {[%clk 00:45:15]} {[%emt 00:00:41]} 31. Nf6# {[%clk 00:45:21]}
{[%emt 00:00:10]} 1-0

[Event "DEM U10w 2024"]
[Site "Willingen GER"]
[Date "2024.05.19"]
[Round "2"]
[White "Vignesh, Sara"]
[Black "Bashirova, Sona"]
[Result "0-1"]
[Termination "normal"]
[Board "4"]
[WhiteElo "1136"]
[BlackElo "1608"]
[WhiteClock "00:35:37"]
[BlackClock "00:05:07"]
[PlyCount "136"]
[WhiteFideId "34674756"]
[BlackFideId "34664033"]
[EventCountry "GER"]
[EventRounds "11"]
[EventType "swiss"]
[EventDate "2024.05.18"]

1. d4 {[%clk 01:15:58]} {[%emt 00:00:02]} d5 {[%clk 01:15:52]} {[%emt
00:00:09]} 2. c4 {[%clk 01:16:24]} {[%emt 00:00:04]} e6 {[%clk 01:16:18]}
{[%emt 00:00:04]} 3. Nc3 {[%clk 01:16:49]} {[%emt 00:00:05]} a6 {[%clk
01:16:08]} {[%emt 00:00:40]} 4. cxd5 {[%clk 01:16:30]} {[%emt 00:00:49]} exd5
{[%clk 01:16:32]} {[%emt 00:00:06]} 5. Nf3 {[%clk 01:16:19]} {[%emt 00:00:41]}
Nf6 {[%clk 01:15:53]} {[%emt 00:01:09]} 6. Bg5 {[%clk 01:16:42]} {[%emt
00:00:07]} Be7 {[%clk 01:13:56]} {[%emt 00:02:26]} 7. e3 {[%clk 01:16:42]}
{[%emt 00:00:31]} Bf5 {[%clk 01:13:11]} {[%emt 00:01:15]} 8. Bxf6 {[%clk
01:16:31]} {[%emt 00:00:41]} Bxf6 {[%clk 01:13:29]} {[%emt 00:00:12]} 9. Qb3
{[%clk 01:16:36]} {[%emt 00:00:21]} b6 {[%clk 01:03:38]} {[%emt 00:10:25]} 10.
Qxd5 {[%clk 01:16:18]} {[%emt 00:00:47]} Qxd5 {[%clk 01:03:51]} {[%emt
00:00:17]} 11. Nxd5 {[%clk 01:16:38]} {[%emt 00:00:10]} Bd8 {[%clk 01:03:24]}
{[%emt 00:00:58]} 12. Be2 {[%clk 01:16:09]} {[%emt 00:00:57]} O-O {[%clk
01:03:24]} {[%emt 00:00:31]} 13. O-O {[%clk 01:15:40]} {[%emt 00:01:52]} c6
{[%clk 01:02:46]} {[%emt 00:01:08]} 14. Nc3 {[%clk 01:13:50]} {[%emt 00:02:20]}
b5 {[%clk 01:01:16]} {[%emt 00:02:00]} 15. e4 {[%clk 01:13:03]} {[%emt
00:01:16]} Bg6 {[%clk 01:01:28]} {[%emt 00:00:17]} 16. a3 {[%clk 01:12:37]}
{[%emt 00:00:56]} Be7 {[%clk 00:58:40]} {[%emt 00:03:19]} 17. Ne5 {[%clk
01:10:12]} {[%emt 00:02:52]} c5 {[%clk 00:56:13]} {[%emt 00:03:01]} 18. d5
{[%clk 01:09:26]} {[%emt 00:01:11]} Bf6 {[%clk 00:54:29]} {[%emt 00:02:17]} 19.
Nxg6 {[%clk 01:08:35]} {[%emt 00:01:22]} hxg6 {[%clk 00:54:22]} {[%emt
00:00:38]} 20. f4 {[%clk 01:08:00]} {[%emt 00:01:05]} Bd4+ {[%clk 00:54:44]}
{[%emt 00:00:07]} 21. Kh1 {[%clk 01:07:45]} {[%emt 00:00:45]} f6 {[%emt
00:00:09]} 22. Rf3 {[%clk 01:05:46]} {[%emt 00:02:18]} Nd7 {[%clk 00:54:51]}
{[%emt 00:00:56]} 23. Ra2 {[%clk 01:04:33]} {[%emt 00:01:38]} Rae8 {[%clk
00:54:13]} {[%emt 00:01:09]} 24. Bd3 {[%clk 01:01:16]} {[%emt 00:03:48]} c4
{[%clk 00:53:29]} {[%emt 00:01:16]} 25. Bc2 {[%clk 01:00:30]} {[%emt 00:01:15]}
Ba7 {[%clk 00:50:41]} {[%emt 00:03:19]} 26. b3 {[%clk 00:59:45]} {[%emt
00:01:11]} cxb3 {[%clk 00:49:54]} {[%emt 00:01:22]} 27. Bxb3 {[%clk 01:00:01]}
{[%emt 00:00:14]} Nc5 {[%clk 00:47:51]} {[%emt 00:02:33]} 28. Bc2 {[%clk
00:59:45]} {[%emt 00:00:44]} Bb6 {[%clk 00:45:33]} {[%emt 00:02:50]} 29. Rb2
{[%clk 00:57:15]} {[%emt 00:02:58]} Ba5 {[%clk 00:44:29]} {[%emt 00:01:34]} 30.
Ne2 {[%clk 00:56:30]} {[%emt 00:00:55]} Nxe4 {[%clk 00:42:08]} {[%emt
00:03:13]} 31. Bb3 {[%clk 00:52:41]} {[%emt 00:04:09]} Nd6 {[%clk 00:36:53]}
{[%emt 00:05:54]} 32. Kg1 {[%clk 00:50:26]} {[%emt 00:02:43]} Bb6+ {[%clk
00:36:32]} {[%emt 00:00:53]} 33. Kf1 {[%clk 00:50:28]} {[%emt 00:00:23]} Re7
{[%clk 00:35:44]} {[%emt 00:01:22]} 34. Rc2 {[%clk 00:47:24]} {[%emt 00:03:34]}
Ba7 {[%clk 00:33:46]} {[%emt 00:02:29]} 35. Rc6 {[%clk 00:46:31]} {[%emt
00:01:21]} Rfe8 {[%clk 00:33:22]} {[%emt 00:00:56]} 36. Bd1 {[%clk 00:46:22]}
{[%emt 00:00:35]} Nc4 {[%clk 00:31:07]} {[%emt 00:02:48]} 37. Ke1 {[%clk
00:44:22]} {[%emt 00:02:25]} Rd8 {[%clk 00:26:46]} {[%emt 00:04:55]} 38. Rd3
{[%clk 00:43:03]} {[%emt 00:01:46]} Red7 {[%clk 00:22:41]} {[%emt 00:04:41]}
39. Rxa6 {[%clk 00:42:36]} {[%emt 00:00:56]} Bc5 {[%clk 00:21:10]} {[%emt
00:01:58]} 40. a4 {[%clk 00:40:48]} {[%emt 00:02:22]} Rxd5 {[%clk 00:18:54]}
{[%emt 00:02:46]} 41. Rxd5 {[%clk 00:39:54]} {[%emt 00:01:24]} Rxd5 {[%clk
00:19:12]} {[%emt 00:00:11]} 42. Bb3 {[%clk 00:39:49]} {[%emt 00:00:30]} Bb4+
{[%clk 00:17:00]} {[%emt 00:02:46]} 43. Kf2 {[%clk 00:39:15]} {[%emt 00:00:58]}
Rd2 {[%clk 00:15:40]} {[%emt 00:01:55]} 44. axb5 {[%clk 00:39:00]} {[%emt
00:00:47]} Bc5+ {[%clk 00:09:34]} {[%emt 00:06:36]} 45. Kf1 {[%clk 00:39:05]}
{[%emt 00:00:21]} Kh7 {[%clk 00:04:18]} {[%emt 00:05:50]} 46. Ra1 {[%clk
00:32:27]} {[%emt 00:07:00]} Ne3+ {[%clk 00:03:28]} {[%emt 00:01:28]} 47. Ke1
{[%clk 00:31:10]} {[%emt 00:01:44]} Rb2 {[%clk 00:03:32]} {[%emt 00:00:29]} 48.
Nc1 {[%clk 00:30:15]} {[%emt 00:01:22]} Nxg2+ {[%clk 00:03:17]} {[%emt
00:00:48]} 49. Kf1 {[%clk 00:30:21]} {[%emt 00:00:19]} Rf2+ {[%clk 00:03:16]}
{[%emt 00:00:37]} 50. Kg1 {[%clk 00:30:20]} {[%emt 00:00:29]} Ra2+ {[%clk
00:03:33]} {[%emt 00:00:13]} 51. Kf1 {[%clk 00:30:32]} {[%emt 00:00:19]} Ne3+
{[%clk 00:03:52]} {[%emt 00:00:11]} 52. Ke1 {[%clk 00:30:42]} {[%emt 00:00:19]}
Rxa1 {[%clk 00:04:15]} {[%emt 00:00:09]} 53. Kd2 {[%clk 00:30:54]} {[%emt
00:00:16]} Nf1+ {[%clk 00:04:14]} {[%emt 00:00:33]} 54. Kd1 {[%clk 00:31:15]}
{[%emt 00:00:08]} Ba3 {[%clk 00:04:23]} {[%emt 00:00:21]} 55. Kc2 {[%clk
00:31:31]} {[%emt 00:00:13]} Rxc1+ {[%clk 00:04:45]} {[%emt 00:00:09]} 56. Kd3
{[%clk 00:31:49]} {[%emt 00:00:10]} Re1 {[%clk 00:04:59]} {[%emt 00:00:18]} 57.
Kc2 {[%clk 00:32:05]} {[%emt 00:00:14]} Ne3+ {[%clk 00:04:48]} {[%emt
00:00:42]} 58. Kd2 {[%clk 00:32:22]} {[%emt 00:00:11]} Bb4+ {[%clk 00:05:07]}
{[%emt 00:00:13]} 59. Kd3 {[%clk 00:32:41]} {[%emt 00:00:11]} Nf5 {[%clk
00:05:12]} {[%emt 00:00:24]} 60. Kc2 {[%clk 00:33:01]} {[%emt 00:00:09]} Nd4+
{[%clk 00:05:28]} {[%emt 00:00:15]} 61. Kb2 {[%clk 00:33:14]} {[%emt 00:00:34]}
Re2+ {[%clk 00:05:20]} {[%emt 00:00:38]} 62. Kb1 {[%clk 00:33:36]} {[%emt
00:00:08]} Nxb3 {[%clk 00:05:37]} {[%emt 00:00:14]} 63. h4 {[%clk 00:33:56]}
{[%emt 00:00:09]} Nd2+ {[%clk 00:05:33]} {[%emt 00:00:34]} 64. Kc1 {[%clk
00:34:16]} {[%emt 00:00:09]} Nc4 {[%clk 00:04:54]} {[%emt 00:01:10]} 65. Kb1
{[%clk 00:34:40]} {[%emt 00:00:06]} Re1+ {[%clk 00:04:48]} {[%emt 00:00:36]}
66. Ka2 {[%clk 00:35:04]} {[%emt 00:00:07]} Bc3 {[%clk 00:04:53]} {[%emt
00:00:25]} 67. b6 {[%clk 00:35:21]} {[%emt 00:00:12]} Na5 {[%clk 00:04:45]}
{[%emt 00:00:39]} 68. b7 {[%clk 00:35:37]} {[%emt 00:00:14]} Ra1# {[%clk
00:05:07]} {[%emt 00:00:03]} 0-1

[Event "DEM U10w 2024"]
[Site "Willingen GER"]
[Date "2024.05.19"]
[Round "2"]
[White "Rhein, Linnea"]
[Black "Kühn, Nicole"]
[Result "1/2-1/2"]
[Termination "normal"]
[Board "6"]
[WhiteElo "1133"]
[BlackElo "1477"]
[WhiteClock "00:30:43"]
[BlackClock "00:31:23"]
[PlyCount "58"]
[WhiteFideId "34649018"]
[BlackFideId "34610510"]
[EventCountry "GER"]
[EventRounds "11"]
[EventType "swiss"]
[EventDate "2024.05.18"]

1. d4 {[%clk 01:15:58]} {[%emt 00:00:01]} d5 {[%clk 01:14:27]} {[%emt
00:01:32]} 2. Bf4 {[%clk 01:16:00]} {[%emt 00:00:28]} Nf6 {[%clk 01:13:21]}
{[%emt 00:01:37]} 3. e3 {[%clk 01:16:06]} {[%emt 00:00:23]} Bf5 {[%clk
01:12:07]} {[%emt 00:01:44]} 4. Bd3 {[%clk 01:16:00]} {[%emt 00:00:35]} Bxd3
{[%clk 01:10:52]} {[%emt 00:01:47]} 5. cxd3 {[%clk 01:15:37]} {[%emt 00:00:52]}
e6 {[%clk 01:10:16]} {[%emt 00:01:07]} 6. Nf3 {[%clk 01:14:33]} {[%emt
00:01:34]} Bd6 {[%clk 01:05:58]} {[%emt 00:04:48]} 7. Bg3 {[%clk 01:14:03]}
{[%emt 00:00:59]} h6 {[%clk 01:03:58]} {[%emt 00:02:31]} 8. Nc3 {[%clk
01:13:21]} {[%emt 00:01:12]} c6 {[%clk 01:02:25]} {[%emt 00:02:03]} 9. Qb3
{[%clk 01:11:25]} {[%emt 00:02:26]} Qc7 {[%clk 00:59:05]} {[%emt 00:03:51]} 10.
Bxd6 {[%clk 01:10:44]} {[%emt 00:01:10]} Qxd6 {[%clk 00:55:23]} {[%emt
00:04:12]} 11. Qxb7 {[%clk 01:10:27]} {[%emt 00:00:45]} O-O {[%clk 00:54:46]}
{[%emt 00:01:09]} 12. Qxa8 {[%clk 01:07:26]} {[%emt 00:03:31]} Qc7 {[%clk
00:53:27]} {[%emt 00:01:42]} 13. Ne5 {[%clk 01:01:03]} {[%emt 00:06:59]} Rc8
{[%clk 00:50:29]} {[%emt 00:03:11]} 14. b4 {[%clk 00:53:50]} {[%emt 00:08:02]}
Nfd7 {[%clk 00:46:46]} {[%emt 00:04:12]} 15. Nxd7 {[%clk 00:50:48]} {[%emt
00:03:31]} Nxd7 {[%clk 00:45:26]} {[%emt 00:01:50]} 16. Qxc8+ {[%clk 00:49:11]}
{[%emt 00:02:07]} Qxc8 {[%clk 00:45:38]} {[%emt 00:00:19]} 17. e4 {[%emt
00:03:30]} Nb6 {[%clk 00:42:31]} {[%emt 00:00:39]} 18. g4 {[%clk 00:47:50]}
{[%emt 00:01:49]} Qa6 {[%clk 00:41:44]} {[%emt 00:00:53]} 19. Kd2 {[%clk
00:46:32]} {[%emt 00:02:10]} dxe4 {[%clk 00:39:42]} {[%emt 00:02:33]} 20. dxe4
{[%clk 00:46:31]} {[%emt 00:02:27]} Qc4 {[%clk 00:37:37]} {[%emt 00:01:32]} 21.
Ne2 {[%clk 00:43:02]} {[%emt 00:04:06]} Qxb4+ {[%clk 00:36:01]} {[%emt
00:02:02]} 22. Ke3 {[%clk 00:41:27]} {[%emt 00:02:02]} Qa3+ {[%clk 00:34:20]}
{[%emt 00:02:18]} 23. Kd2 {[%clk 00:40:38]} {[%emt 00:01:18]} Qb2+ {[%clk
00:33:54]} {[%emt 00:00:53]} 24. Kd3 {[%clk 00:38:28]} {[%emt 00:02:44]} Qb5+
{[%clk 00:33:16]} {[%emt 00:01:01]} 25. Kd2 {[%clk 00:37:21]} {[%emt 00:01:44]}
Nc4+ {[%emt 00:06:08]} 26. Kc3 {[%clk 00:31:56]} {[%emt 00:00:50]} Nb6 {[%clk
00:31:49]} {[%emt 00:01:19]} 27. Kd2 {[%clk 00:31:34]} {[%emt 00:00:54]} Qb2+
{[%clk 00:31:34]} {[%emt 00:00:47]} 28. Kd3 {[%clk 00:30:55]} {[%emt 00:01:08]}
Qb5+ {[%clk 00:31:23]} {[%emt 00:00:43]} 29. Kd2 {[%clk 00:30:43]} {[%emt
00:00:41]} Qb2+ {[%emt 00:00:21]} 1/2-1/2

[Event "DEM U10w 2024"]
[Site "Willingen GER"]
[Date "2024.05.19"]
[Round "2"]
[White "Rabus, Luise"]
[Black "Xu, Dorothea Sicheng"]
[Result "0-1"]
[Termination "normal"]
[Board "7"]
[WhiteElo "1090"]
[BlackElo "1255"]
[WhiteClock "00:22:16"]
[BlackClock "00:27:36"]
[PlyCount "100"]
[WhiteFideId "34636900"]
[BlackFideId "34667539"]
[EventCountry "GER"]
[EventRounds "11"]
[EventType "swiss"]
[EventDate "2024.05.18"]

1. e4 {[%clk 01:15:56]} {[%emt 00:00:03]} e5 {[%clk 01:15:55]} {[%emt
00:00:05]} 2. Nf3 {[%clk 01:16:20]} {[%emt 00:00:06]} Nc6 {[%clk 01:16:18]}
{[%emt 00:00:07]} 3. Bc4 {[%clk 01:16:41]} {[%emt 00:00:08]} Nf6 {[%clk
01:16:39]} {[%emt 00:00:10]} 4. d3 {[%clk 01:17:03]} {[%emt 00:00:08]} Be7
{[%clk 01:16:46]} {[%emt 00:00:23]} 5. c3 {[%clk 01:17:22]} {[%emt 00:00:11]}
d5 {[%clk 01:16:49]} {[%emt 00:00:28]} 6. exd5 {[%clk 01:17:30]} {[%emt
00:00:21]} Nxd5 {[%clk 01:17:11]} {[%emt 00:00:09]} 7. O-O {[%clk 01:16:53]}
{[%emt 00:01:06]} O-O {[%clk 01:17:14]} {[%emt 00:00:27]} 8. h3 {[%clk
01:16:35]} {[%emt 00:00:48]} Re8 {[%clk 01:09:50]} {[%emt 00:07:54]} 9. Re1
{[%clk 01:15:13]} {[%emt 00:01:51]} Bf6 {[%clk 01:07:20]} {[%emt 00:03:01]} 10.
Nbd2 {[%clk 01:13:25]} {[%emt 00:02:17]} Nb6 {[%clk 01:06:14]} {[%emt
00:01:37]} 11. Re2 {[%clk 01:09:44]} {[%emt 00:04:11]} Bf5 {[%clk 01:03:01]}
{[%emt 00:03:43]} 12. Re3 {[%clk 01:07:38]} {[%emt 00:02:36]} Nd5 {[%clk
00:59:09]} {[%emt 00:04:23]} 13. Re2 {[%clk 01:03:56]} {[%emt 00:04:11]} Nf4
{[%clk 00:58:47]} {[%emt 00:00:53]} 14. Re3 {[%clk 00:59:30]} {[%emt 00:04:55]}
Nxd3 {[%clk 00:55:29]} {[%emt 00:03:48]} 15. Nf1 {[%clk 00:58:48]} {[%emt
00:01:13]} e4 {[%clk 00:52:32]} {[%emt 00:03:27]} 16. Ne1 {[%clk 00:57:12]}
{[%emt 00:02:06]} Nxc1 {[%clk 00:52:44]} {[%emt 00:00:18]} 17. Rxc1 {[%clk
00:56:05]} {[%emt 00:01:37]} Bg5 {[%clk 00:52:55]} {[%emt 00:00:19]} 18. Qh5
{[%clk 00:50:03]} {[%emt 00:06:32]} g6 {[%clk 00:49:49]} {[%emt 00:03:34]} 19.
Rd1 {[%clk 00:46:59]} {[%emt 00:03:35]} gxh5 {[%clk 00:45:50]} {[%emt
00:04:30]} 20. Rxd8 {[%clk 00:47:00]} {[%emt 00:00:29]} Bxe3 {[%clk 00:46:01]}
{[%emt 00:00:18]} 21. Rxe8+ {[%clk 00:44:57]} {[%emt 00:02:34]} Rxe8 {[%clk
00:46:16]} {[%emt 00:00:15]} 22. Nxe3 {[%clk 00:45:12]} {[%emt 00:00:14]} Be6
{[%clk 00:45:29]} {[%emt 00:01:17]} 23. Be2 {[%clk 00:44:07]} {[%emt 00:01:35]}
Bxa2 {[%clk 00:45:17]} {[%emt 00:00:42]} 24. Bxh5 {[%clk 00:43:55]} {[%emt
00:00:43]} Re5 {[%clk 00:43:57]} {[%emt 00:01:50]} 25. Be2 {[%clk 00:43:34]}
{[%emt 00:00:51]} f5 {[%clk 00:42:32]} {[%emt 00:01:54]} 26. f4 {[%clk
00:40:46]} {[%emt 00:03:19]} Rc5 {[%clk 00:40:49]} {[%emt 00:02:08]} 27. Bh5
{[%clk 00:40:35]} {[%emt 00:00:46]} Kg7 {[%clk 00:38:57]} {[%emt 00:02:17]} 28.
g4 {[%clk 00:38:22]} {[%emt 00:02:46]} fxg4 {[%clk 00:37:47]} {[%emt 00:01:41]}
29. hxg4 {[%clk 00:35:52]} {[%emt 00:03:01]} Bf7 {[%clk 00:36:20]} {[%emt
00:01:54]} 30. Nf5+ {[%clk 00:35:29]} {[%emt 00:00:55]} Kf6 {[%clk 00:35:35]}
{[%emt 00:01:15]} 31. Bxf7 {[%clk 00:34:28]} {[%emt 00:01:31]} Kxf7 {[%clk
00:35:33]} {[%emt 00:00:32]} 32. Nh6+ {[%clk 00:33:44]} {[%emt 00:01:14]} Kg6
{[%clk 00:34:41]} {[%emt 00:01:22]} 33. g5 {[%clk 00:33:42]} {[%emt 00:00:32]}
Rb5 {[%clk 00:34:05]} {[%emt 00:01:07]} 34. b4 {[%clk 00:31:01]} {[%emt
00:03:11]} a5 {[%clk 00:33:45]} {[%emt 00:00:50]} 35. Nc2 {[%clk 00:30:45]}
{[%emt 00:00:45]} axb4 {[%clk 00:33:57]} {[%emt 00:00:18]} 36. cxb4 {[%clk
00:27:11]} {[%emt 00:04:05]} Nxb4 {[%clk 00:33:55]} {[%emt 00:00:32]} 37. Nd4
{[%clk 00:26:47]} {[%emt 00:00:53]} Rd5 {[%clk 00:30:17]} {[%emt 00:04:06]} 38.
Nc2 {[%clk 00:26:30]} {[%emt 00:00:49]} Nxc2 {[%clk 00:28:45]} {[%emt
00:02:02]} 39. Kg2 {[%clk 00:26:29]} {[%emt 00:00:30]} Rd2+ {[%clk 00:28:17]}
{[%emt 00:01:00]} 40. Kg3 {[%clk 00:25:40]} {[%emt 00:01:19]} e3 {[%clk
00:28:23]} {[%emt 00:00:23]} 41. Kg4 {[%clk 00:24:49]} {[%emt 00:01:22]} Rd4
{[%clk 00:28:10]} {[%emt 00:00:43]} 42. Kf3 {[%clk 00:24:40]} {[%emt 00:00:38]}
b5 {[%clk 00:27:39]} {[%emt 00:01:01]} 43. Ke2 {[%clk 00:23:53]} {[%emt
00:01:18]} Rxf4 {[%clk 00:27:05]} {[%emt 00:01:03]} 44. Ng8 {[%emt 00:03:11]}
Rf2+ {[%clk 00:26:58]} {[%emt 00:00:35]} 45. Kd3 {[%clk 00:21:22]} {[%emt
00:00:22]} e2 {[%clk 00:26:50]} {[%emt 00:00:38]} 46. Kxc2 {[%clk 00:21:42]}
{[%emt 00:00:10]} e1=Q+ {[%clk 00:27:11]} {[%emt 00:00:09]} 47. Kd3 {[%clk
00:21:29]} {[%emt 00:00:43]} Rd2+ {[%clk 00:26:50]} {[%emt 00:00:50]} 48. Kc3
{[%clk 00:21:52]} {[%emt 00:00:09]} Qc1+ {[%clk 00:27:07]} {[%emt 00:00:12]}
49. Kb4 {[%clk 00:22:07]} {[%emt 00:00:16]} Rb2+ {[%clk 00:27:14]} {[%emt
00:00:22]} 50. Ka5 {[%clk 00:22:16]} {[%emt 00:00:22]} Qa1# {[%clk 00:27:36]}
{[%emt 00:00:08]} 0-1